000 01495nam a22003857a 4500
001 305
003 FISKH
005 20230320092331.0
008 230317b cb ||||| |||| 00| 0 eng d
010 _a 2001089549
040 _aDLC
_cDLC
_dDLC
042 _alcac
050 0 0 _aPZ8.3.G276
_b1996
082 0 0 _a428.1
_222
100 1 _aGeisel, Theodor
_cDr.
_qTheodor Seuss Geisel
245 1 4 _aThe foot book /
_cby Dr. Seuss.
260 _aNew York :
_bRandom House,
_c1996
300 _a17 leaves of plates
_bcol. ill. ;
_c23 cm.
500 _a"With fabulous flaps and peel-off stickers."
500 _aTitle from cover.
500 _aOn board pages.
505 _aD
520 _aSimple rhyming text and illustrations, some under flaps for the reader to lift, introduce all sorts of feet doing all sorts of things.
521 8 _a210
_bLexile
521 8 _aD
_bRaz-Pas
650 0 _aToy and movable books
_vSpecimens.
650 1 _aFoot
_vFiction.
650 1 _aStories in rhyme.
650 1 _aToy and movable books.
856 4 2 _3Publisher description
_uhttp://www.loc.gov/catdir/description/random047/2001089549.html
856 4 2 _3Contributor biographical information
_uhttp://www.loc.gov/catdir/enhancements/fy0905/2001089549-b.html
906 _a7
_bcbc
_corignew
_d2
_eepcn
_f20
_gy-gencatlg
942 _2ddc
_cBK
_n0
999 _c305
_d305